000 00645nam a2200181 i 4500
001 160632
003 ES-MaACL
005 20230906212107.0
008 010206s1880 fr a |||| | fre d
080 _a621.352
100 1 _aNiaudet Breguet, Alfred.
_9141854
245 1 0 _aTraité élémentaire de la pile électrique /
_cpar Alfred Niaudet.
250 _a2è éd., rev. et augm. avec 56 gravures dans le texte.
260 _aParis :
_bJ. Baudry,
_c1880 (
_fTypographie Georges Chamerot)
300 _aVIII, 264 p. :
_bil. ;
_c22 cm.
650 0 4 _aPilas eléctricas.
_915999
852 _aES-MaACL
_jB-12490(2)
_z. - Enc. hol. con otras obras
999 _c160632
_d160632